Lyrics raten #47 - Statistics

General Stats
  • This quiz has been taken 7 times
  • The average score is 170 of 472
Answer Stats
Answer % Correct
du
100%
Du
100%
Ich
100%
ich
100%
ich,
100%
sie
100%
das,
83%
das
83%
Das
83%
Der
83%
wir
83%
bin
67%
dass
67%
den
67%
die
67%
Die
67%
dir
67%
eine
67%
für
67%
Ihr
67%
ihr
67%
ja,
67%
ja
67%
mich
67%
mir
67%
nicht
67%
nicht,
67%
und
67%
weiss
67%
euch
50%
he
50%
he)
50%
ist,
50%
ist
50%
jetzt
50%
mit
50%
sind
50%
wer
50%
zu
50%
aber
33%
an
33%
auf
33%
(Ba
33%
ba
33%
Ba
33%
bis
33%
bist
33%
deinem
33%
doch
33%
hatte
33%
hier
33%
im
33%
in
33%
kein
33%
komm
33%
Komm
33%
mal
33%
mein
33%
meine
33%
meinem
33%
Nacht
33%
noch
33%
nur
33%
schon
33%
tun
33%
von
33%
was
33%
wenn
33%
wie
33%
Acht
17%
Ahahaha,
17%
allein
17%
alleine,
17%
auch
17%
Augen,
17%
aus
17%
bei
17%
Berlin
17%
besser
17%
bestimmt
17%
bleiben,
17%
Blut,
17%
bringen
17%
(Brr)
17%
Brr)
17%
Bunny’s
17%
cool
17%
Crew
17%
dann
17%
Deathmatch
17%
diesem
17%
Disney,
17%
DM’s
17%
durch
17%
einsam,
17%
End?
17%
FIFA,
17%
Fussball
17%
gar
17%
gehen,
17%
gemischt
17%
GEOX
17%
Gigs
17%
glaub
17%
glauben,
17%
glücklich,
17%
Handy,
17%
Hänge
17%
Happy
17%
hatten
17%
hinter
17%
Hood,
17%
immer
17%
Insta
17%
IPhone 11
17%
jung
17%
Jungs,
17%
Jungs
17%
kann
17%
kannst
17%
Kannst
17%
keinen
17%
kennt
17%
länger
17%
Lauf
17%
läuft
17%
leer,
17%
mach
17%
machen
17%
macht
17%
Mario
17%
Mashkal
17%
Massen
17%
mega
17%
meinen
17%
meiner
17%
musst
17%
Name
17%
nehmt
17%
Neid,
17%
nem
17%
Nerf’s
17%
Nintendo,
17%
Nintendo
17%
ohne
17%
Opps
17%
paar
17%
(Pew)
17%
(Playboy)
17%
Playboys
17%
Plötzlich
17%
PSP
17%
RB,
17%
redet
17%
reichen
17%
renne
17%
Rocke
17%
Run
17%
Scheine,
17%
schlafen
17%
schreiben,
17%
schreiben
17%
Schuh
17%
Schulhof,
17%
selber,
17%
Shawty,
17%
Shawtys
17%
Shawty’s
17%
Shox,
17%
Snowboard,
17%
spielen
17%
sterb
17%
sterbe,
17%
Symba
17%
testen
17%
Tn’s,
17%
Ton
17%
Tracksuits
17%
Tränen
17%
träume,
17%
um
17%
um)
17%
verbluten
17%
Viertel
17%
villeicht
17%
(Villeicht
17%
voll
17%
vor
17%
Waffen,
17%
warst,
17%
weh
17%
Weil
17%
weil
17%
Wein
17%
wollte
17%
(Woo,
17%
zähle
17%
zehn
17%
zock
17%
Zufall,
17%
zwanzig
17%
zwölf
17%
No matching quizzes found
Score Distribution
Percent of People with Each Score
Percentile by Number Answered
Your Score History
You have not taken this quiz